01474cam a2200289 a 45000010005000000030006000050050017000110080041000280100017000690200022000860200017001080350023001250400023001480500009001710820009001801000019001892450062002082600035002703000048003055000053003535050007004065200674004135210027010875210018011146500029011326500023011614352FISKH20240731161802.0040223s2003 nyua 000 0 eng d a 2004269560 a0439521386 (pbk.) a078073005994 a(OCoLC)ocm53177992 aOCOcOCOdDLCbeng aPZ7  a570 1 aMarkas, Jenny 10aLooney tunes, back in action joke book /cby Jenny Markas aNew York :bScholastic,c2003. a44 pages : bcolor illustrations ; c26 cm  a"Over 200 jokes based on the hit movie!"--Cover. aP  aWhat's up, doc? How about the "looniest" spy adventure in Hollywood history! Bugs, Daffy, Tweety, and their buds star with Brendan Fraser and Jenna Elfman in Warner Bros's sure-fire hit for holiday 03 Bugs Bunny and Daffy Duck are teaming up with old friends and new on a wacky mission to find the mystical Blue Diamond and keep it from falling into the evil clutches of the ACME Corporation. With ACME henchmen like Yosemite Sam, Marvin The Martian, and the Tasmanian Devil on their tail(s), count on chills, spills, and side-splitting thrills for the whole family! The junior novelization is an early chapter book and includes 8 pages of color photos from the movie. 8 a650 bLexile estimate 8 aP bRaz-Plus  0aWit and humor, Juvenile. 0aRiddles, Juvenile.